[Event "Chip2004 - Open A"]
[Site "Paris"]
[Date "2004.07.03"]
[Round "1"]
[White "Engel, Gerard"]
[Black "Draoui, Najib"]
[Result "0-1"]
[WhiteElo "1937"]
[BlackElo "2299"]
[PlyCount "119"]
[EventDate "2004.07.03"]
[SourceDate "2004.07.04"]

1. c4 c6 2. Nf3 Nf6 3. g3 g6 4. Bg2 Bg7 5. O-O O-O 6. d4 d6 7. Nc3 Qa5 8. e4
Bg4 9. h3 Bxf3 10. Bxf3 Nbd7 11. Rb1 c5 12. dxc5 Qxc5 13. b3 a6 14. Re1 Rac8
15. e5 dxe5 16. Bxb7 Rcd8 17. Bg2 e6 18. Na4 Qc7 19. Be3 Nc5 20. Qc2 Nfd7 21.
Nc3 Nf6 22. Red1 Nh5 23. b4 Nd7 24. c5 Nb8 25. Ne4 h6 26. Qb3 Kh7 27. Nd6 Bf6
28. Rd2 Rd7 29. Rbd1 Rfd8 30. Qc2 Nc6 31. Qb1 Nd4 32. Bxd4 exd4 33. Bf3 Ng7 34.
Qe4 Nf5 35. h4 Nxd6 36. cxd6 Qxd6 37. h5 Rc7 38. hxg6+ fxg6 39. Qg4 h5 40. Qe4
Kg7 41. a3 Rc3 42. Be2 Kh6 43. Bd3 Rg8 44. Qb7 Rg7 45. Qxa6 Qxa6 46. Bxa6 Rxa3
47. b5 Rb3 48. Rc2 e5 49. Rc6 Bd8 50. Rd6 Bc7 51. Rc6 Re7 52. Rd2 Rb4 53. Kg2
e4 54. Rc5 e3 55. fxe3 dxe3 56. Re2 Rg4 57. Rxc7 Rxc7 58. b6 Rc6 59. b7 Rb4 60.
Rxe3 0-1

[Event "Chip2004 - Open A"]
[Site "Paris"]
[Date "2004.07.03"]
[Round "1"]
[White "Voicu, Carmen"]
[Black "Larrouy, Norbert"]
[Result "1-0"]
[WhiteElo "2289"]
[BlackElo "1935"]
[PlyCount "99"]
[EventDate "2004.07.03"]
[SourceDate "2004.07.04"]

1. e4 e6 2. d4 d5 3. Nd2 c5 4. exd5 exd5 5. Bb5+ Nc6 6. Qe2+ Qe7 7. dxc5 Qxe2+
8. Nxe2 Bxc5 9. Nb3 Bd6 10. Bf4 Bxf4 11. Nxf4 Nge7 12. O-O-O a6 13. Be2 Be6 14.
Nc5 Nd8 15. Bf3 Rc8 16. Nb3 O-O 17. Rhe1 Nec6 18. a3 b5 19. Nxd5 Re8 20. Nc5 a5
21. Nf4 Nd4 22. Rxd4 Rxc5 23. Rd6 Kf8 24. Nd3 Rc8 25. Kd2 Bc4 26. Ne5 Be6 27.
Ra6 a4 28. Rb6 f6 29. Nd3 Bc4 30. Be4 h6 31. Nf4 Ne6 32. Nxe6+ Rxe6 33. Rxe6
Bxe6 34. Bd3 Bd7 35. g3 Rc5 36. Re4 Bf5 37. Rb4 Bxd3 38. Kxd3 Ke7 39. c4 bxc4+
40. Rxc4 Rb5 41. Kc3 Rb3+ 42. Kc2 Rf3 43. Rf4 Rxf4 44. gxf4 Kd6 45. Kc3 Kc5 46.
f5 h5 47. h4 Kd5 48. b4 axb3 49. Kxb3 Kc5 50. Kc3 1-0

[Event "Chip2004 - Open A"]
[Site "Paris"]
[Date "2004.07.03"]
[Round "1"]
[White "Saatdjian, Thomas"]
[Black "Battaglini, Gabriel"]
[Result "0-1"]
[WhiteElo "1934"]
[BlackElo "2283"]
[PlyCount "112"]
[EventDate "2004.07.03"]
[SourceDate "2004.07.04"]

1. e4 c5 2. Nf3 d6 3. d4 cxd4 4. Qxd4 Bd7 5. c4 Nc6 6. Qd2 g6 7. Nc3 Bh6 8. Qd1
Bg7 9. Be3 Nf6 10. h3 O-O 11. Bd3 Nb4 12. O-O a6 13. Bb1 Rc8 14. Nd2 Ne8 15.
Qb3 a5 16. a3 Nc6 17. Bb6 Nd4 18. Bxd8 Nxb3 19. Nxb3 Rxd8 20. Nxa5 Be6 21. Bd3
Rc8 22. Nd5 Bxd5 23. cxd5 Bxb2 24. Rab1 Bxa3 25. Rxb7 Rc3 26. Rb3 Rxb3 27. Nxb3
Nf6 28. Ra1 Bb4 29. f3 Nd7 30. Kf1 Kg7 31. Bb5 Ne5 32. Ra7 Rb8 33. Ba4 Kf6 34.
Bc6 Bc3 35. Rb7 Rc8 36. Bb5 g5 37. Ke2 Ng6 38. g3 Be5 39. Kf2 Rc2+ 40. Be2
Bxg3+ 41. Kxg3 Rxe2 42. Nd4 Rd2 43. Nf5 Nf4 44. Ne3 Re2 45. Rb3 Kg6 46. Ra3 Rd2
47. Ra8 Nh5+ 48. Kg4 Nf6+ 49. Kg3 Re2 50. Ra3 Nh5+ 51. Kg4 Re1 52. Ng2 Rg1 53.
Ra2 Nf4 54. Kg3 e6 55. Kh2 Rxg2+ 56. Rxg2 Nxg2 0-1

[Event "Chip2004 - Open A"]
[Site "Paris"]
[Date "2004.07.03"]
[Round "1"]
[White "Annenkov, A."]
[Black "Acquart, Alexis"]
[Result "1-0"]
[WhiteElo "2271"]
[BlackElo "1930"]
[PlyCount "55"]
[EventDate "2004.07.03"]
[SourceDate "2004.07.04"]

1. d4 Nf6 2. c4 g6 3. g3 Bg7 4. Bg2 d6 5. Nf3 O-O 6. O-O Nbd7 7. Qc2 e5 8. dxe5
Nxe5 9. Nxe5 dxe5 10. b3 c6 11. Ba3 Re8 12. Rd1 Nd7 13. Nc3 Bf8 14. Bxf8 Rxf8
15. Ne4 Qe7 16. Nd6 Nc5 17. b4 Ne6 18. Qe4 Ng7 19. b5 Nf5 20. c5 cxb5 21. Rac1
Nxd6 22. cxd6 Qe6 23. Qb4 Rd8 24. Bd5 Qe8 25. Rc7 Bd7 26. Bxb7 Rab8 27. Bd5 Kh8
28. Qh4 1-0

[Event "Chip2004 - Open A"]
[Site "Paris"]
[Date "2004.07.03"]
[Round "1"]
[White "Marin, Frederic"]
[Black "Pozdniakov, E."]
[Result "0-1"]
[WhiteElo "1930"]
[BlackElo "2267"]
[PlyCount "91"]
[EventDate "2004.07.03"]
[SourceDate "2004.07.04"]

1. e4 e6 2. d4 d5 3. Nc3 Nf6 4. exd5 exd5 5. Nf3 Bg4 6. Be2 Bd6 7. O-O O-O 8.
Bg5 c6 9. Ne5 Bxe2 10. Qxe2 Re8 11. Bxf6 Qxf6 12. f4 Qf5 13. Qd3 Qxd3 14. Nxd3
Nd7 15. Rae1 Nf6 16. g3 a5 17. Kg2 Bb4 18. Nf2 Bxc3 19. bxc3 b5 20. Kf3 Nd7 21.
Nd3 f6 22. a4 bxa4 23. Ra1 Nb6 24. Nb2 Ra7 25. Nxa4 Nc4 26. Rfe1 Rae7 27. Rxe7
Rxe7 28. Kf2 h5 29. h3 Re4 30. Nc5 Re7 31. f5 Kh7 32. Ne6 Kh6 33. Rb1 Re8 34.
g4 g6 35. Kg3 h4+ 36. Kxh4 gxf5 37. gxf5 Rg8 38. Rf1 Ne3 39. Rf2 Ng2+ 40. Rxg2
Rxg2 41. Nd8 Rxc2 42. Nxc6 a4 43. Nb4 Rxc3 44. Nxd5 Rd3 45. Nxf6 Rxd4+ 46. Ng4+
0-1

[Event "Chip2004 - Open A"]
[Site "Paris"]
[Date "2004.07.03"]
[Round "1"]
[White "Lacrosse, Marc"]
[Black "Bernini, Fabrice"]
[Result "1-0"]
[WhiteElo "2257"]
[BlackElo "1925"]
[PlyCount "69"]
[EventDate "2004.07.03"]
[SourceDate "2004.07.04"]

1. d4 Nf6 2. c4 g6 3. Nc3 d5 4. cxd5 Nxd5 5. e4 Nxc3 6. bxc3 Bg7 7. Be3 O-O 8.
Rc1 c5 9. d5 Qd6 10. Nf3 Bg4 11. Be2 Nd7 12. O-O Rfd8 13. Qd2 Bxf3 14. Bxf3 b5
15. Be2 c4 16. f4 e5 17. f5 Nc5 18. Qc2 f6 19. h4 Kf7 20. g4 Ke7 21. Rf2 a6 22.
Rcf1 Rf8 23. Rg2 Kd7 24. g5 fxg5 25. hxg5 gxf5 26. exf5 e4 27. f6 Bh8 28. Bg4+
Kd8 29. Qf2 Nd3 30. Qf5 Ne5 31. Qxe4 Ng6 32. Qe6 Qxe6 33. dxe6 Kc7 34. Rh2 Kd6
35. Rxh7 1-0

[Event "Chip2004 - Open A"]
[Site "Paris"]
[Date "2004.07.03"]
[Round "1"]
[White "De Andresoterinos"]
[Black "Nguyen, Thanh-Thong"]
[Result "0-1"]
[WhiteElo "1925"]
[BlackElo "2255"]
[PlyCount "144"]
[EventDate "2004.07.03"]
[SourceDate "2004.07.04"]

1. Nf3 Nf6 2. c4 g6 3. Nc3 Bg7 4. e4 d6 5. d4 O-O 6. Be2 e5 7. dxe5 dxe5 8.
Qxd8 Rxd8 9. Bg5 Re8 10. Nd5 Nxd5 11. cxd5 c6 12. Bc4 b5 13. Bb3 Bb7 14. O-O-O
c5 15. Nd2 Nd7 16. Kb1 Rec8 17. Rc1 c4 18. Bd1 f5 19. f3 Bf8 20. Be3 Bd6 21.
Be2 a6 22. Rc2 Kf7 23. Rd1 f4 24. Bf2 Bc5 25. Bxc5 Rxc5 26. Rdc1 Rac8 27. Ka1
Ke7 28. Nb1 Kd6 29. Rc3 Nb6 30. Nd2 Na4 31. R3c2 Nb6 32. Rc3 Na4 33. R3c2 g5
34. Nb1 h6 35. Nc3 Nb6 36. Nb1 a5 37. b3 Ba6 38. bxc4 bxc4 39. Nc3 Nd7 40. Rb2
Rb8 41. Rcb1 Rxb2 42. Rxb2 Rc8 43. Kb1 Kc5 44. Kc2 Kd4 45. Kd2 h5 46. h3 h4 47.
Bd1 Rb8 48. Rxb8 Nxb8 49. Ba4 Kc5 50. a3 Kb6 51. Be8 Kc5 52. Kc2 Kd4 53. Kd2
Kc5 54. Na4+ Kd4 55. d6 Bc8 56. Nb6 c3+ 57. Kc2 Ba6 58. d7 Bd3+ 59. Kc1 Nc6 60.
Nd5 Bf1 61. Ne7 Nd8 62. Nf5+ Kc5 63. Bh5 Bxg2 64. Bg4 Bf1 65. Ng7 Kd6 66. Ne6
Nxe6 67. Bxe6 Ke7 68. Kc2 Bb5 69. Kxc3 Bxd7 70. Bg4 Bxg4 71. fxg4 Kd6 72. Kc4
a4 0-1

[Event "Chip2004 - Open A"]
[Site "Paris"]
[Date "2004.07.03"]
[Round "1"]
[White "Jablonski, Noham"]
[Black "Cabel-Simon, Remi"]
[Result "1-0"]
[WhiteElo "2249"]
[BlackElo "1940"]
[PlyCount "59"]
[EventDate "2004.07.03"]
[SourceDate "2004.07.04"]

1. e4 d6 2. d4 Nf6 3. Nc3 g6 4. Bg5 Bg7 5. Qd2 h6 6. Bf4 Nc6 7. O-O-O Nh5 8.
Be3 e5 9. d5 Ne7 10. Be2 Nf6 11. h4 Ng4 12. Bxg4 Bxg4 13. f3 Bd7 14. f4 f5 15.
fxe5 dxe5 16. d6 Nc6 17. dxc7 Qxc7 18. Nb5 Qd8 19. Qd5 Rf8 20. Nd6+ Ke7 21. Bc5
Be6 22. Nxb7+ Kf6 23. Qxc6 Qc8 24. Qa6 Rf7 25. Rd8 Qxb7 26. Qxb7 Rxd8 27. Qa6
h5 28. Nf3 Bh6+ 29. Ng5 Rfd7 30. Qxe6+ 1-0

[Event "Chip2004 - Open A"]
[Site "Paris"]
[Date "2004.07.03"]
[Round "1"]
[White "Etienney, Marc"]
[Black "Sanchez, Louis"]
[Result "0-1"]
[WhiteElo "1920"]
[BlackElo "2233"]
[PlyCount "64"]
[EventDate "2004.07.03"]
[SourceDate "2004.07.04"]

1. d4 Nf6 2. Bg5 e6 3. e4 c5 4. d5 h6 5. Bxf6 Qxf6 6. Nc3 a6 7. a4 e5 8. Nf3
Bd6 9. Nd2 Bc7 10. Nc4 d6 11. Qd2 Qg6 12. f3 Nd7 13. a5 O-O 14. Bd3 Nf6 15. g4
h5 16. h3 Nh7 17. Nd1 Bd8 18. Qf2 Bg5 19. Nde3 h4 20. Ng2 Qf6 21. Rf1 Qe7 22.
Ra3 Rb8 23. Rb3 b5 24. axb6 Bd7 25. Na5 Qd8 26. Qe2 Rxb6 27. Rxb6 Qxb6 28. Nc4
Qb8 29. c3 Bb5 30. Na3 Bxd3 31. Qxd3 Qxb2 32. Qxa6 Qd2# 0-1

[Event "Chip2004 - Open A"]
[Site "Paris"]
[Date "2004.07.03"]
[Round "1"]
[White "Trommsdorf, Fro"]
[Black "Guillaume, Kamal"]
[Result "1-0"]
[WhiteElo "2201"]
[BlackElo "1920"]
[PlyCount "72"]
[EventDate "2004.07.03"]
[SourceDate "2004.07.04"]

1. d4 Nf6 2. c4 c5 3. d5 e6 4. Nc3 exd5 5. cxd5 d6 6. Nf3 g6 7. e4 Bg7 8. Bb5+
Nbd7 9. O-O a6 10. Bd3 b5 11. Bf4 Qb6 12. a4 b4 13. a5 Qc7 14. Na4 O-O 15. h3
Nh5 16. Bh2 Bb7 17. Qd2 Nhf6 18. Rfc1 Rac8 19. Qf4 Ne8 20. Qe3 h5 21. Nd2 Ne5
22. Nb6 Nxd3 23. Qxd3 Bxb2 24. Nbc4 Bxa1 25. Rxa1 Rd8 26. e5 Qe7 27. Re1 dxe5
28. Rxe5 Qf6 29. Qe3 Nd6 30. Qxc5 Nxc4 31. Qxc4 Qd6 32. Rxh5 Rc8 33. Rh8+ Kg7
34. Bxd6 Rxc4 35. Rxf8 Rc1+ 36. Kh2 b3 1-0

[Event "Chip2004 - Open FIDE"]
[Site "Paris"]
[Date "2004.07.03"]
[Round "1"]
[White "Toulzac, Pierre-Yves"]
[Black "Tregubov, Pavel"]
[Result "0-1"]
[WhiteElo "2297"]
[BlackElo "2636"]
[PlyCount "102"]
[EventDate "2004.07.03"]
[SourceDate "2004.07.04"]

1. d4 d5 2. c4 e6 3. Nc3 c6 4. e4 dxe4 5. Nxe4 Bb4+ 6. Bd2 Qxd4 7. Bxb4 Qxe4+
8. Be2 Na6 9. Bc3 Ne7 10. Nf3 O-O 11. O-O Ng6 12. Bd3 Qg4 13. h3 Qh5 14. Re1 f6
15. b4 e5 16. b5 Nc5 17. Bxg6 Qxg6 18. Bb4 b6 19. Bxc5 bxc5 20. bxc6 Qf7 21.
Qd5 Ba6 22. Qxc5 Rac8 23. Red1 Rc7 24. Rd6 Qxc4 25. Rc1 Qxc5 26. Rxc5 Rfc8 27.
Nh4 Kf7 28. Nf5 g6 29. Ne3 Ke7 30. Rcd5 h5 31. a4 Rxc6 32. Rd7+ Ke6 33. Rxa7
R8c7 34. Rxc7 Rxc7 35. Rd1 f5 36. g3 Be2 37. Rb1 f4 38. gxf4 exf4 39. Re1 Bd3
40. Ng2+ Kf5 41. Nh4+ Kf6 42. Rd1 Rc3 43. Ng2 Kf5 44. f3 Ra3 45. Rc1 Rxa4 46.
Rc5+ Kf6 47. Nxf4 Rxf4 48. Kg2 Bf5 49. Kg3 g5 50. Ra5 Rh4 51. Kg2 Bxh3+ 0-1

[Event "Chip2004 - Open FIDE"]
[Site "?"]
[Date "2004.07.03"]
[Round "1"]
[White "Khairallah, Faisal"]
[Black "Baklan, Vladimir"]
[Result "0-1"]
[WhiteElo "2283"]
[BlackElo "2595"]
[PlyCount "60"]
[EventDate "2004.07.04"]
[SourceDate "2004.07.04"]

1. e4 c5 2. Nc3 Nc6 3. Nge2 d6 4. d4 cxd4 5. Nxd4 Nf6 6. Bg5 e6 7. Qd2 a6 8.
O-O-O Bd7 9. f3 h6 10. Be3 b5 11. Nxc6 Bxc6 12. Ne2 Rc8 13. Nd4 Bb7 14. Kb1 Qc7
15. Nb3 Be7 16. h4 b4 17. g4 d5 18. exd5 Nxd5 19. Bd3 a5 20. Bd4 e5 21. Bb5+
Kf8 22. Bf2 Nf4 23. Be2 a4 24. Nc1 a3 25. Nd3 Nd5 26. Bg3 f6 27. Nf2 Qb6 28.
Ka1 axb2+ 29. Kxb2 Bc5 30. Ne4 Bd4+ 0-1

[Event "Chip2004 - Open FIDE"]
[Site "?"]
[Date "2004.07.03"]
[Round "1"]
[White "Kazhgaleyev, Murtas"]
[Black "Bitalzadeh, Ali"]
[Result "1-0"]
[WhiteElo "2598"]
[BlackElo "2291"]
[PlyCount "61"]
[EventDate "2004.07.04"]
[SourceDate "2004.07.04"]

1. d4 Nf6 2. c4 e6 3. Nf3 b6 4. a3 Bb7 5. Nc3 d5 6. cxd5 Nxd5 7. Qc2 Nd7 8.
Nxd5 exd5 9. Bg5 Qc8 10. g3 Bd6 11. Bh3 h6 12. Bf4 O-O 13. Qa4 b5 14. Qxb5 c6
15. Qd3 Bxf4 16. gxf4 Nc5 17. dxc5 Qxh3 18. Rg1 Rfe8 19. Qd4 g6 20. Ne5 Qf5 21.
O-O-O Kh7 22. e3 Ba6 23. f3 Re6 24. Rd2 Rae8 25. Rdg2 g5 26. h4 f6 27. Ng4 h5
28. hxg5 hxg4 29. Rxg4 Qxg4 30. fxg4 Rxe3 31. Rh1+ 1-0

[Event "Chip2004 - Open FIDE"]
[Site "Paris"]
[Date "2004.07.03"]
[Round "1"]
[White "David, Alberto"]
[Black "Doucet, Christian"]
[Result "1-0"]
[WhiteElo "2574"]
[BlackElo "2278"]
[PlyCount "109"]
[EventDate "2004.07.03"]
[SourceDate "2004.07.04"]

1. d4 Nf6 2. Nf3 e6 3. c4 b6 4. g3 Ba6 5. b3 Bb7 6. Bg2 Bb4+ 7. Bd2 a5 8. O-O
O-O 9. Qc2 d6 10. Nc3 Nbd7 11. Rfe1 Bxc3 12. Bxc3 Be4 13. Qc1 c5 14. Bf1 Rc8
15. dxc5 dxc5 16. Qf4 Qe7 17. Rad1 Bg6 18. Ne5 Nxe5 19. Bxe5 Rfd8 20. Bd6 Qa7
21. Bc7 Rd7 22. Rxd7 Nxd7 23. Bd6 Nb8 24. Bg2 Nc6 25. Bxc6 Rxc6 26. Rd1 h6 27.
Be5 Rc8 28. Rd6 a4 29. Qd2 a3 30. Rd7 Qa8 31. f3 Kh7 32. h4 Rf8 33. Kf2 f6 34.
Bc3 Rf7 35. Rd8 Qb7 36. g4 h5 37. g5 Qc7 38. Kg2 e5 39. e4 Qe7 40. Rd5 Qe6 41.
Rd6 Qe7 42. Rd5 Qe6 43. gxf6 Qxf6 44. Qe3 Qxh4 45. Bxe5 Re7 46. Qf4 Qe1 47. Qg3
Qb1 48. Rd2 Bxe4 49. Bd6 Rf7 50. fxe4 Qxe4+ 51. Kh2 Rf3 52. Qg5 Rf5 53. Qe7 Qg4
54. Rg2 Re5 55. Bxe5 1-0

[Event "Chip2004 - Open FIDE"]
[Site "Paris"]
[Date "2004.07.04"]
[Round "2"]
[White "Bergez, Luc"]
[Black "Kveinys, Aloysas"]
[Result "1-0"]
[WhiteElo "2376"]
[BlackElo "2565"]
[PlyCount "67"]
[EventDate "2004.07.03"]
[SourceDate "2004.07.04"]

1. e4 c5 2. Nf3 e6 3. c3 Nf6 4. e5 Nd5 5. d4 cxd4 6. cxd4 d6 7. Bc4 Nc6 8. O-O
Be7 9. Qe2 O-O 10. Rd1 Nb6 11. Bb3 Nb4 12. Nc3 Bd7 13. exd6 Bxd6 14. Ne5 Bc6
15. Qg4 Be7 16. a3 Bd5 17. Nxd5 N4xd5 18. Bh6 Bf6 19. h4 Qd6 20. Rd3 Ne7 21.
Re1 Nbd5 22. Bxd5 Qxd5 23. Bg5 Bxg5 24. hxg5 Nf5 25. Qh5 f6 26. g6 h6 27. Nf7
Qd7 28. d5 exd5 29. Qh3 Rfe8 30. Red1 Qc8 31. Rxd5 Ne7 32. Rd7 Qc2 33. Nxh6+
Kf8 34. Nf5 1-0

[Event "Chip2004 - Open FIDE"]
[Site "Paris"]
[Date "2004.07.04"]
[Round "2"]
[White "Tregubov, Pavel"]
[Black "Drasko, Milan"]
[Result "1/2-1/2"]
[WhiteElo "2636"]
[BlackElo "2464"]
[PlyCount "112"]
[EventDate "2004.07.03"]
[SourceDate "2004.07.04"]

1. d4 e6 2. c4 Nf6 3. Nf3 Bb4+ 4. Bd2 c5 5. Bxb4 cxb4 6. g3 O-O 7. Bg2 d6 8.
O-O Nc6 9. Nbd2 e5 10. e3 Re8 11. Qc2 g6 12. Rac1 a5 13. Rfd1 Bf5 14. e4 Bg4
15. d5 Nd4 16. Nxd4 Bxd1 17. Rxd1 exd4 18. Nf3 Qb6 19. Nxd4 a4 20. f3 b3 21.
axb3 axb3 22. Qxb3 Qxb3 23. Nxb3 Ra4 24. Bf1 Rb4 25. Nd4 Rxb2 26. Nb5 Rd8 27.
Ra1 Nd7 28. f4 Nc5 29. e5 dxe5 30. fxe5 Rxb5 31. cxb5 Rxd5 32. Ra8+ Kg7 33. Re8
Ne6 34. Re7 Nd8 35. Re8 Ne6 36. Bc4 Rc5 37. Bxe6 fxe6 38. Re7+ Kh6 39. Rxb7
Rxe5 40. Kf2 Kg5 41. b6 Rb5 42. Kf3 h5 43. h4+ Kf6 44. Ke4 Rb4+ 45. Kd3 e5 46.
Kc3 Rb1 47. Kc4 Kf5 48. Kc5 Kg4 49. Rg7 Kxg3 50. Rxg6+ Kxh4 51. Kc6 e4 52. b7
e3 53. Re6 Rc1+ 54. Kd7 Rb1 55. Kc7 Rc1+ 56. Kd6 Rb1 1/2-1/2

[Event "Chip2004 - Open FIDE"]
[Site "Paris"]
[Date "2004.07.04"]
[Round "2"]
[White "Mahesh Chandran"]
[Black "David, Alberto"]
[Result "1/2-1/2"]
[WhiteElo "2441"]
[BlackElo "2574"]
[PlyCount "73"]
[EventDate "2004.07.03"]
[SourceDate "2004.07.04"]

1. e4 c5 2. Nf3 d6 3. d4 cxd4 4. Nxd4 Nf6 5. Nc3 a6 6. f4 e5 7. Nf3 Nbd7 8. a4
Be7 9. Bd3 O-O 10. O-O exf4 11. Kh1 Nc5 12. Bxf4 Bg4 13. Be3 Rc8 14. Qd2 Nxd3
15. Qxd3 Qc7 16. Nd4 Be6 17. Nf5 Bxf5 18. Rxf5 Qc4 19. Raf1 Qxd3 20. cxd3 Bd8
21. h3 Nd7 22. Bf4 Ne5 23. Bxe5 dxe5 24. Rxe5 Bf6 25. Rd5 Bxc3 26. bxc3 Rxc3
27. Rd7 b5 28. axb5 axb5 29. Rb1 Rc5 30. d4 Rg5 31. e5 h5 32. Rxb5 Ra8 33. Rb2
Rf5 34. Rdb7 Rf1+ 35. Kh2 Raa1 36. Kg3 Rad1 37. R7b4 1/2-1/2

[Event "Chip2004 - Open FIDE"]
[Site "Paris"]
[Date "2004.07.04"]
[Round "2"]
[White "Baklan, Vladimir"]
[Black "Payen, Arnaud"]
[Result "1-0"]
[WhiteElo "2595"]
[BlackElo "2400"]
[PlyCount "57"]
[EventDate "2004.07.03"]
[SourceDate "2004.07.04"]

1. e4 e5 2. Nf3 d6 3. d4 exd4 4. Nxd4 Nf6 5. Nc3 Be7 6. Nde2 O-O 7. g3 Na6 8.
Bg2 Re8 9. O-O c6 10. h3 Bf8 11. g4 Qc7 12. Ng3 d5 13. exd5 Nxd5 14. Nxd5 cxd5
15. c3 Be6 16. Be3 Rad8 17. Re1 Nc5 18. Bd4 b6 19. Qd2 f6 20. b4 Nb7 21. Nh5
Kh8 22. Nf4 Bf7 23. Rxe8 Rxe8 24. Nxd5 Qc8 25. Qf4 Bd6 26. Qf3 Bxd5 27. Qxd5
Re7 28. Rd1 Qe8 29. Qc6 1-0

[Event "Chip2004 - Open A"]
[Site "Paris"]
[Date "2004.07.04"]
[Round "2"]
[White "Draoui, Najib"]
[Black "Orozco, Rafael"]
[Result "1-0"]
[WhiteElo "2299"]
[BlackElo "2045"]
[PlyCount "91"]
[EventDate "2004.07.03"]
[SourceDate "2004.07.04"]

1. e4 e6 2. d4 d5 3. Nd2 Nf6 4. e5 Nfd7 5. Bd3 c5 6. c3 Nc6 7. Ne2 cxd4 8. cxd4
Qb6 9. Nf3 f6 10. exf6 Nxf6 11. O-O Bd6 12. Nc3 O-O 13. Be3 Qd8 14. Bg5 Qe8 15.
Bh4 Qh5 16. Ne2 Ne4 17. Ng3 Qg4 18. h3 Qf4 19. Nxe4 dxe4 20. Bg3 Qf5 21. Bxd6
Rd8 22. Bc7 Rd7 23. Bc2 Rxc7 24. Re1 Bd7 25. Bxe4 Qf6 26. Rc1 Be8 27. Ne5 Rd8
28. Qg4 h5 29. Qg3 Rcc8 30. Bxc6 bxc6 31. Re4 Rd5 32. Rf4 Qh6 33. Rc3 Ra5 34.
a3 g5 35. h4 g4 36. f3 Rb5 37. b4 a5 38. fxg4 axb4 39. axb4 Rxb4 40. gxh5+ Kh8
41. Ng4 Qg7 42. h6 Qg8 43. Rf5 Qg6 44. Rf8+ Kh7 45. Nf6+ Kxh6 46. Qf4+ 1-0

[Event "Chip2004 - Open A"]
[Site "Paris"]
[Date "2004.07.04"]
[Round "2"]
[White "Louvrier Saint-Mary, Jean-Roger"]
[Black "Voicu, Carmen"]
[Result "0-1"]
[WhiteElo "2046"]
[BlackElo "2289"]
[PlyCount "82"]
[EventDate "2004.07.03"]
[SourceDate "2004.07.04"]

1. b3 e5 2. Bb2 Nc6 3. e3 d6 4. c4 Nf6 5. Be2 g6 6. h4 h5 7. Nf3 Bf5 8. a3 Bg7
9. d4 e4 10. Nfd2 Qe7 11. Nc3 O-O 12. Nd5 Qd7 13. Nf4 Rfe8 14. Nf1 d5 15. Ng3
Ne7 16. Nxf5 Qxf5 17. Rc1 c6 18. Bc3 Bh6 19. Nh3 Rad8 20. Qc2 Ng4 21. O-O Qf6
22. g3 Nf5 23. Bxg4 hxg4 24. Nf4 Bxf4 25. exf4 e3 26. Rfe1 Re4 27. Qd1 Rde8 28.
Qxg4 exf2+ 29. Kxf2 Re3 30. Rxe3 Rxe3 31. Qxf5 Qxf5 32. Kxe3 Qe6+ 33. Kf2 dxc4
34. Re1 Qd5 35. Re5 Qd6 36. d5 f6 37. Re8+ Kf7 38. Re6 Qc5+ 39. Ke2 cxb3 40.
Rxf6+ Ke8 41. Re6+ Kd7 0-1

[Event "Chip2004 - Open A"]
[Site "Paris"]
[Date "2004.07.04"]
[Round "2"]
[White "Battaglini, Gabriel"]
[Black "Ballester, Alexandre"]
[Result "1-0"]
[WhiteElo "2283"]
[BlackElo "2040"]
[PlyCount "81"]
[EventDate "2004.07.03"]
[SourceDate "2004.07.04"]

1. d4 d5 2. c4 c6 3. Nc3 Nf6 4. cxd5 cxd5 5. Bf4 Nc6 6. e3 a6 7. Bd3 e6 8. Rc1
Bd6 9. Bxd6 Qxd6 10. f4 b5 11. Nf3 Bb7 12. O-O Rc8 13. Ne5 O-O 14. g4 Na5 15.
Qf3 Nc4 16. Bxc4 bxc4 17. g5 Ne4 18. Nxe4 dxe4 19. Qe2 Bd5 20. Nxc4 Qb4 21. b3
a5 22. Qe1 Rc7 23. Qxb4 axb4 24. Nb6 Ra7 25. Rf2 Rb8 26. Rc5 Kf8 27. Nxd5 exd5
28. Rxd5 Rba8 29. Rb5 Rxa2 30. Rxb4 Rxf2 31. Kxf2 Ra2+ 32. Ke1 Rxh2 33. d5 f5
34. gxf6 gxf6 35. Rxe4 Rh5 36. d6 Rd5 37. Rd4 Rxd4 38. exd4 Ke8 39. b4 Kd7 40.
b5 Kxd6 41. Kf2 1-0

[Event "Chip2004 - Open A"]
[Site "Paris"]
[Date "2004.07.04"]
[Round "2"]
[White "Hohner, Frederic"]
[Black "Annenkov, K."]
[Result "0-1"]
[WhiteElo "2044"]
[BlackElo "2271"]
[PlyCount "68"]
[EventDate "2004.07.03"]
[SourceDate "2004.07.04"]

1. e4 c6 2. d4 d5 3. Nc3 dxe4 4. Nxe4 Nf6 5. Nxf6+ gxf6 6. Qd3 Qb6 7. c4 e5 8.
dxe5 Bb4+ 9. Bd2 Bf5 10. Qxf5 Bxd2+ 11. Ke2 Bg5 12. Kf3 Qxb2 13. Rb1 Qc3+ 14.
Bd3 Nd7 15. Rb3 Nxe5+ 16. Kg3 Qd4 17. Qe4 O-O-O 18. Qxd4 Rxd4 19. Bf5+ Kc7 20.
Ne2 Rxc4 21. f4 Bxf4+ 22. Kf2 h5 23. Rhb1 b6 24. g3 Bd2 25. Rd1 Rd8 26. Kg2 Ng4
27. Bxg4 hxg4 28. Ra3 a5 29. h3 f5 30. Rf1 Rc2 31. Rxf5 Bc1 32. Rxf7+ Kc8 33.
Rb3 Rxe2+ 34. Kf1 Rc2 0-1

[Event "Chip2004 - Open A"]
[Site "Paris"]
[Date "2004.07.04"]
[Round "2"]
[White "Pozdniakov, E."]
[Black "Frayssinet, Franck"]
[Result "1/2-1/2"]
[WhiteElo "2267"]
[BlackElo "2037"]
[PlyCount "74"]
[EventDate "2004.07.03"]
[SourceDate "2004.07.04"]

1. d4 Nf6 2. Nf3 d5 3. e3 Bf5 4. c4 c6 5. cxd5 cxd5 6. Qb3 Qb6 7. Qxb6 axb6 8.
Nc3 e6 9. Nb5 Na6 10. Bd2 Be7 11. Rc1 O-O 12. Nh4 Bg4 13. h3 Bh5 14. g4 Ne4 15.
Nf3 Bg6 16. h4 Rfc8 17. Nc3 Nb4 18. a3 Nxc3 19. Rxc3 Rxc3 20. Bxc3 Be4 21. Be2
Na2 22. Bd2 Rc8 23. Bd1 b5 24. Rh3 Bxf3 25. Bxf3 Rc2 26. e4 dxe4 27. Bxe4 Rxb2
28. Bxb7 b4 29. axb4 Bxb4 30. Bxb4 Nxb4 31. Be4 Nc2+ 32. Bxc2 Rxc2 33. h5 Kf8
34. Ra3 Rc4 35. Ra8+ Ke7 36. Ra7+ Ke8 37. Ra8+ Ke7 1/2-1/2

[Event "Chip2004 - Open A"]
[Site "Paris"]
[Date "2004.07.04"]
[Round "2"]
[White "Gaillard, Michel"]
[Black "Lacrosse, Marc"]
[Result "0-1"]
[WhiteElo "2040"]
[BlackElo "2257"]
[PlyCount "90"]
[EventDate "2004.07.03"]
[SourceDate "2004.07.04"]

1. d4 d5 2. c4 e6 3. Nc3 Nf6 4. e3 c6 5. Nf3 Nbd7 6. Bd3 dxc4 7. Bxc4 b5 8. Bd3
a6 9. O-O c5 10. a4 b4 11. Ne4 Bb7 12. Nxf6+ Nxf6 13. a5 Be7 14. dxc5 Bxc5 15.
Qa4+ Qd7 16. Qxd7+ Nxd7 17. b3 O-O 18. Bb2 Rfd8 19. Rfd1 Rac8 20. Ng5 Nf6 21.
h3 Be7 22. Bc4 Rxd1+ 23. Rxd1 Rc5 24. Bxf6 Bxf6 25. Nxf7 Bd5 26. Nd6 Rxa5 27.
e4 Bxc4 28. Nxc4 Rc5 29. Rd6 a5 30. Ra6 Rc8 31. Rxa5 Rd8 32. e5 Be7 33. Ra7
Rd1+ 34. Kh2 Bc5 35. Rc7 Bxf2 36. Nd6 h5 37. Ne4 Be3 38. g3 Rd3 39. h4 Rxb3 40.
Re7 Rb2+ 41. Kh1 b3 42. Ng5 Bxg5 43. hxg5 Rc2 44. g6 Kf8 45. Rb7 b2 0-1

[Event "Chip2004 - Open A"]
[Site "Paris"]
[Date "2004.07.04"]
[Round "2"]
[White "Nguyen, Thanh-Thong"]
[Black "Lebeugle"]
[Result "1-0"]
[WhiteElo "2255"]
[BlackElo "2031"]
[PlyCount "48"]
[EventDate "2004.07.03"]
[SourceDate "2004.07.04"]

1. d4 Nf6 2. c4 e6 3. Nf3 d5 4. Nc3 c6 5. e3 Bd6 6. Qc2 Nbd7 7. Bd3 O-O 8. O-O
Qc7 9. h3 dxc4 10. Bxc4 e5 11. Rd1 exd4 12. Nxd4 Ne5 13. Bf1 Ng6 14. b3 Rd8 15.
Bb2 Qa5 16. Ne4 Nxe4 17. Qxe4 Be7 18. a3 Qe5 19. Qc2 Bd6 20. Nf3 Qe7 21. b4 Nh4
22. Nxh4 Qxh4 23. Rd4 Qg5 24. Rad1 Be7 1-0